| 000 | 00369cam a22001097a 4500 | ||
|---|---|---|---|
| 008 | 180718b xxu||||| |||| 00| 0 eng d | ||
| 082 | _aLx54 in2f/61m/GUJA | ||
| 245 |
_aMemorandum to the third finance commission regarding grants-in-aid _cby Finance Department, Gujarat |
||
| 260 |
_aAhmedabad _bFinance Department _c |
||
| 300 | _a44+p. | ||
| 700 | _aGujarat. Finance Department | ||
| 999 |
_c500194 _d500194 |
||